Statistics for Total Drama Cove My Way All Characters Quiz

Click here to take the quiz!

General Stats

  • This quiz has been taken 83 times
  • The average score is 34 of 51

Answer Stats

CharacterIslandActionWorld TourRevenge of the IslandPahkitew IslandAll StarsDash 4 Cash: The Forgotten Ones% Correct
Gwen6th2nd18thN.A.N.A.19thN.A.
94%
Owen4th10th5thN.A.N.A.N.A.N.A.
93%
BN.A.N.A.N.A.11thN.A.N.A.16th
90%
Noah5th1st14thN.A.N.A.9thN.A.
87%
Eva19thN.A.N.A.N.A.N.A.N.A.12th
85%
Ezekiel17thN.A.19thN.A.N.A.N.A.N.A.
85%
Heather3rd8th2ndN.A.N.A.10thN.A.
85%
Duncan9th6th1stN.A.N.A.7thN.A.
81%
Tyler2nd12th/13th12thN.A.N.A.4thN.A.
81%
Courtney8th4th6thN.A.N.A.2ndN.A.
79%
GeoffN.A.17th10thN.A.N.A.N.A.N.A.
78%
Lindsay1st12th/13th7thN.A.N.A.12thN.A.
78%
AlejandroN.A.N.A.3rdN.A.N.A.11thN.A.
75%
KatieN.A.16thN.A.N.A.N.A.N.A.8th
75%
Cody11th3rd17thN.A.N.A.N.A.N.A.
72%
Justin13th9thN.A.N.A.N.A.N.A.2nd
72%
SadieN.A.19thN.A.N.A.N.A.N.A.5th
72%
Trent7th18thN.A.N.A.N.A.N.A.13th
72%
Leshawna14th15th4thN.A.N.A.N.A.N.A.
70%
MikeN.A.N.A.N.A.3rd/4thN.A.13thN.A.
70%
SamN.A.N.A.N.A.6thN.A.N.A.9th
70%
ZoeyN.A.N.A.N.A.3rd/4thN.A.6thN.A.
70%
Beth15thN.A.16thN.A.N.A.N.A.14th
69%
Bridgette12th5th13thN.A.N.A.N.A.N.A.
69%
DawnN.A.N.A.N.A.2ndN.A.20thN.A.
69%
SierraN.A.N.A.9thN.A.N.A.N.A.N.A.
69%
Harold18th7th11thN.A.N.A.N.A.N.A.
67%
DJ16th14th8thN.A.N.A.N.A.N.A.
66%
Izzy10th11th15thN.A.N.A.N.A.N.A.
66%
DakotaN.A.N.A.N.A.7thN.A.5thN.A.
64%
CameronN.A.N.A.N.A.10thN.A.N.A.15th
63%
SkyN.A.N.A.N.A.N.A.2nd8thN.A.
60%
SugarN.A.N.A.N.A.N.A.5thN.A.10th
60%
JoN.A.N.A.N.A.9thN.A.N.A.6th
58%
LightningN.A.N.A.N.A.1stN.A.16thN.A.
58%
ShawnN.A.N.A.N.A.N.A.6th1stN.A.
58%
JasmineN.A.N.A.N.A.N.A.9thN.A.N.A.
57%
AmyN.A.N.A.N.A.N.A.10th14thN.A.
55%
BrickN.A.N.A.N.A.12thN.A.N.A.11th
55%
ScottN.A.N.A.N.A.8thN.A.3rdN.A.
55%
StaciN.A.N.A.N.A.13thN.A.N.A.20th
55%
BeardoN.A.N.A.N.A.N.A.13thN.A.17th
52%
EllaN.A.N.A.N.A.N.A.12thN.A.3rd
52%
SameyN.A.N.A.N.A.N.A.4th15thN.A.
52%
DaveN.A.N.A.N.A.N.A.8thN.A.4th
49%
TopherN.A.N.A.N.A.N.A.1st18thN.A.
49%
LeonardN.A.N.A.N.A.N.A.14thN.A.7th
48%
Anne MariaN.A.N.A.N.A.5thN.A.N.A.1st
46%
RodneyN.A.N.A.N.A.N.A.11thN.A.19th
42%
MaxN.A.N.A.N.A.N.A.3rd17thN.A.
39%
ScarlettN.A.N.A.N.A.N.A.7thN.A.18th
36%

Score Distribution

Percentile by Number Answered

Percent of People with Each Score

Your Score History

You have not taken this quiz